ASEAN manufactured exports in the EEC markets <an> empirical assessement of common and national tariff and non-tariff barriers confronting them

Na minha lista:
Detalhes bibliográficos
Autor principal: Langhammer, Rolf J.
Formato: Livro
Idioma:inglês
Publicado em: Kiel Institut für Weltwirtschaft 1981
Colecção:Working Paper no. 122
Tags: Adicionar Tag
Sem tags, seja o primeiro a adicionar uma tag!

MARC

LEADER 00000nam a2200000 4500
001 c142352
005 20181203150525.8
041 0 |a eng 
044 |a DE 
245 1 0 |a ASEAN manufactured exports in the EEC markets  |b <an> empirical assessement of common and national tariff and non-tariff barriers confronting them  |c Rolf J. Langhammer 
264 1 |a Kiel  |b Institut für Weltwirtschaft  |c 1981 
300 |a 68 s. 
490 1 |a Working Paper  |v no. 122 
830 0 |a Working Paper  |v no. 122 
100 1 |a Langhammer, Rolf J.